01169nam a2200193Ia 4500001001100000003001000011008004100021040002500062041001300087100002800100245008800128250001100216260005400227300002800281500026000309501011400569520026000683650003200943L560-26137IT-CnALBA170116s9999||||xx |||||||||||||| ||und|| aIT-CnALBAcIT-CnALBA aITALIANO aWEULE CARLO, PROF., DR. 0aUNIVERSO E UMANITÀ. VOL. IV. L'ESPLORAZIONE DELLA SUPERFICIE TERRESTRE. PARTE X.  a1a ed. aMILANObVALLARDI FRANCESCO & ANTONIO EDIT. cn.d. a445 p. (prefazione: 10) aBIBLIOTECA CAN. CHIESA. STORIA DEL PROGRESSO UMANO NELLA CONOSCENZA E DOMINIO SULLA NATURA. ILLUSTRAZIONI NEL TESTO E TAVOLE FUORI TESTO. EVO ANTICO. EVO MEDIO. ETA' MODERNA. GRANDI SCOPERTE. ESPLORAZIONE SCIENTIFICA. AFRICA ASIA AMERICHE. AUSTRALIA OCEAN aSocietà San Paolo EM - Piazza San Paolo, 14 - 12051 ALBA (CN) (non commercial uses only) ® Copyright 2017 aBIBLIOTECA CAN. CHIESA. STORIA DEL PROGRESSO UMANO NELLA CONOSCENZA E DOMINIO SULLA NATURA. ILLUSTRAZIONI NEL TESTO E TAVOLE FUORI TESTO. EVO ANTICO. EVO MEDIO. ETA' MODERNA. GRANDI SCOPERTE. ESPLORAZIONE SCIENTIFICA. AFRICA ASIA AMERICHE. AUSTRALIA OCEAN aPALEONTOLOGIA-PALEOZOOLOGIA